000 00469nam a22001097a 4500
008 110610t xxu||||| |||| 00| 0 eng d
010 _aSCCA
245 _a Supreme Court of Uganda. Namulombi Hasadi vs Uganda
260 _c1997
500 _aCORAME: Tsekooko, J.S.C., Karokora J.S.C,. Mulega J.S.C,. Kanyehimba J.S.C,. and Kikonyogo J.S.C
500 _aAppeal against the judgment of the Court of Appeal of Uganda at Kampala Mayido D.C.J., Okello J.S.C., and Kikonyogo J.S.C.
999 _c2555
_d2555